What you need to know about-- Jehovah's Witnesses / (Record no. 1481)

MARC details
000 -LEADER
fixed length control field 00915pam a2200253 a 4500
001 - CONTROL NUMBER
control field 2961660
003 - CONTROL NUMBER IDENTIFIER
control field GBCCL
005 - DATE AND TIME OF LATEST TRANSACTION
control field 20241126110402.0
008 - FIXED-LENGTH DATA ELEMENTS--GENERAL INFORMATION
fixed length control field 911001s1992 oru 000 0 eng
010 ## -
-- 91037857
020 ## - INTERNATIONAL STANDARD BOOK NUMBER
International Standard Book Number 0890819440 (pbk.)
040 ## - CATALOGING SOURCE
Original cataloging agency DLC
Transcribing agency DLC
Modifying agency DLC
050 00 -
-- BX8526.5
-- .M33 1992
082 00 - DEWEY DECIMAL CLASSIFICATION NUMBER
Classification number 289.92
Edition information 20
Item number MAC
100 1# - MAIN ENTRY--PERSONAL NAME
Personal name MacGregor, Lorri,
Dates associated with a name 1942-
9 (RLIN) 2970
245 10 - TITLE STATEMENT
Title What you need to know about-- Jehovah's Witnesses /
Statement of responsibility, etc. Ed Decker [i.e. Lorri MacGregor].
260 ## - PUBLICATION, DISTRIBUTION, ETC.
Place of publication, distribution, etc. Eugene, Or. :
Name of publisher, distributor, etc. Harvest House Publishers,
Date of publication, distribution, etc. c1992.
300 ## - PHYSICAL DESCRIPTION
Extent 136 p. ;
Dimensions 21 cm.
440 #0 - SERIES STATEMENT/ADDED ENTRY--TITLE
Title Conversations with the cults
9 (RLIN) 383
650 #0 - SUBJECT ADDED ENTRY--TOPICAL TERM
Topical term or geographic name entry element Jehovah's Witnesses
General subdivision Controversial literature.
9 (RLIN) 2971
906 ## - LOCAL DATA ELEMENT F, LDF (RLIN)
a 7
b cbc
c orignew
d 1
e ocip
f 19
g y-gencatlg
942 ## - ADDED ENTRY ELEMENTS (KOHA)
Source of classification or shelving scheme Dewey Decimal Classification
Koha item type Books
Koha issues (borrowed), all copies 1
Holdings
Withdrawn status Lost status Source of classification or shelving scheme Damaged status Not for loan Home library Current Library Shelving location Date acquired Total checkouts Full call number Barcode Date last seen Date last checked out Copy number Price effective from Koha item type
    Dewey Decimal Classification     GRACE BIBLE COLLEGE GRACE BIBLE COLLEGE Church History 2017-05-02 1 289.92 MAC 007412 2025-05-01 2020-01-09 c.1 2017-05-02 Books
© Grace Bible College Library 2025